000 00965cam a2200241 i 4500
999 _c58117
_d58117
001 18652540
005 20210624121243.0
008 150610s2016 cau b 001 0 eng
020 _a9781473904545
041 _aeng
080 _a376.2 S-78
245 1 0 _aSpecial educational needs :
_ba guide for inclusive practice /
_cEdited by Lindsay Peer and Gavin Reid.
250 _a2nd edition.
264 1 _aLos Angeles :
_bSAGE,
_c2016.
300 _a393 pages :
_c24 cm.
653 _aშეზღუდული შესაძლებლობის მქონე ბავშვები
653 _aДети с ограниченными возможностями
653 _aინკლუზიური განათლება
653 _aИнклюзивное образование
700 1 _aPeer, Lindsay
_eრედაქტორი
_912090
700 1 _aReid, Gavin
_d
_eრედაქტორი
_912091
942 _2udc
_cBK